A guide to office acoustics (Record no. 121452)
[ view plain ]
| 000 -LEADER | |
|---|---|
| fixed length control field | 00667nam a22001937a 4500 |
| 008 - FIXED-LENGTH DATA ELEMENTS--GENERAL INFORMATION | |
| fixed length control field | 230404s2011 xxk||||| |||| 00| 0 eng d |
| 020 ## - INTERNATIONAL STANDARD BOOK NUMBER | |
| ISBN | 9780956534118 |
| 041 ## - LANGUAGE CODE | |
| Language code of text/sound track or separate title | eng |
| 050 ## - Library of Congress Classification | |
| Class mark | 729.29 |
| 245 ## - TITLE STATEMENT | |
| Title | A guide to office acoustics |
| 260 ## - PUBLICATION INFORMATION | |
| Place of publication | London, |
| Publisher | Association of Interior Specialists, |
| Date | 2011 |
| 300 ## - PHYSICAL DESCRIPTION | |
| Physical description | 71p. |
| 520 ## - ABSTRACT | |
| Abstract | Acoustic control, ceilings, partitions, screens, flanking sound, sibilance and other techniques in considering acoustic design and noise in offices. |
| 651 ## - SUBJECT ADDED ENTRY--GEOGRAPHIC NAME | |
| Geographic name | United Kingdom |
| 690 ## - BROAD SUBJECT | |
| 9 (RLIN) | 6234 |
| Broad subject | Design & specification |
| 700 ## - ADDED PERSONAL NAME | |
| Added personal author | Parkin, Andrew |
| 710 ## - ADDED CORPORATE NAME | |
| Added corporate author | Association of Interior Specialists |
| 942 ## - ADDED ENTRY ELEMENTS (KOHA) | |
| Suppress in OPAC | Do not suppress in OPAC |
| Lost status | Damaged status | Not for loan | Home library | Current library | Shelving location | Date acquired | Total Checkouts | Full call number | Date last seen | Price effective from | Koha item type |
|---|---|---|---|---|---|---|---|---|---|---|---|
| London | London | Folio | 04/04/2023 | F729.29 | 04/04/2023 | 04/04/2023 | Book |